000 00720nam a2200229 i 4500
001 83917
003 ES-MaACL
005 20250804054249.0
007 t|
008 041118s1976 sp ||||1| spa d
100 1 _aJaffe, Hosea.
_965914
245 1 3 _aEl neo-imperialismo portugués /
_cHosea Jaffe ; [traductores, Félix García y J.M. Oriol].
260 _aBilbao :
_bZero,
_c1976.
300 _a74 p. ;
_c17 cm.
490 1 _aLee y discute. Serie V ;
_v61
651 4 _aPortugal-
_xColonias-
_zÁfrica.
_99250
700 1 _aGarcía Moriyón, Félix.
_955004
700 1 _aOriol, José Miguel
_987261
830 1 _aLee y discute. Serie V ;
_v61
_9183813
852 _aES-MaACL
_jE-9833
999 _c83917
_d83917